[Event "CZE-chT1E 2122"]
[Site "Czech Republic"]
[Date "2021.11.27"]
[Round "3.8"]
[White "Novotny, Ondrej"]
[Black "Sikorova, Olga"]
[Result "0-1"]
[WhiteElo "1947"]
[BlackElo "2159"]
[PlyCount "100"]
[EventDate "2021.10.09"]
[EventType "team-tourn"]
[EventRounds "11"]
[EventCountry "CZE"]
[SourceTitle "EXT 2023"]
[Source "ChessBase"]
[SourceDate "2022.10.05"]
[SourceVersion "1"]
[SourceVersionDate "2022.10.05"]
[SourceQuality "1"]
[WhiteTeam "Chotebor"]
[BlackTeam "Trinec"]
[WhiteTeamCountry "CZE"]
[BlackTeamCountry "CZE"]

1. e4 e6 2. d4 d5 3. Nc3 Bb4 4. a3 Bxc3+ 5. bxc3 dxe4 6. Qg4 Nf6 7. Qxg7 Rg8 8. Qh6 c5 9. Ne2 Nbd7 10. Ng3 Qa5 11. Bd2 Qa4 12. Qe3 Qxc2 13. Rc1 Qa4 14. Nxe4 Qc6 15. Bd3 c4 16. Bc2 Rg4 17. f3 Rxg2 18. Rg1 Nd5 19. Rxg2 Nxe3 20. Bxe3 f5 21. Nd2 Nf6 22. Bg5 Kf7 23. Bh6 Ne8 24. Kf2 e5 25. Bg5 h6 26. Bh4 exd4 27. Re1 Be6 28. f4 d3 29. Bd1 Nf6 30. Nf3 Qb6+ 31. Kf1 Ng4 32. Nd4 Bd5 33. Rxg4 fxg4 34. Bxg4 Qg6 35. Nf5 d2 36. Rd1 Be4 37. Ne3 Bd3+ 38. Kf2 Rg8 39. f5 Qb6 40. Bh5+ Kf8 41. Rxd2 Qb1 42. Bg3 Rxg3 43. hxg3 Qc1 44. Rd1 Qxc3 45. Be2 Qb2 46. Re1 c3 47. Kf3 Qd2 48. Ng2 c2 49. Bxd3 Qxd3+ 50. Ne3 Qxa3 0-1

[Event "Plzen Calliditas op"]
[Site "Plzen"]
[Date "2020.08.26"]
[Round "5"]
[White "Eret, Matous"]
[Black "Novotny, Ondrej"]
[Result "1-0"]
[WhiteElo "2195"]
[BlackElo "2031"]
[PlyCount "79"]
[EventDate "2020.08.23"]
[EventType "swiss"]
[EventRounds "9"]
[EventCountry "CZE"]
[SourceTitle "CBM 198 Extra"]
[Source "ChessBase"]
[SourceDate "2020.11.30"]
[SourceVersion "1"]
[SourceVersionDate "2020.11.30"]
[SourceQuality "1"]

1. e4 e5 2. Nf3 Nc6 3. d3 Nf6 4. Be2 Be7 5. 0-0 0-0 6. Nbd2 d6 7. c3 h6 8. Re1 Nh7 9. b4 a6 10. Nf1 f5 11. exf5 Bxf5 12. Ng3 Bg6 13. Be3 Qd7 14. a4 b5 15. d4 exd4 16. Nxd4 Nxd4 17. Bxd4 c5 18. Be3 Bf6 19. bxc5 bxa4 20. Rxa4 Bxc3 21. Rf1 d5 22. Rxa6 Rxa6 23. Bxa6 Ra8 24. Bb5 Qb7 25. Qb3 Bf7 26. c6 Qb8 27. Qxc3 Qxb5 28. Nf5 d4 29. Nxd4 Qe5 30. Rc1 Rc8 31. Qc5 Qe4 32. Nf5 Rc7 33. Nd6 Qe6 34. Nb5 Rc8 35. c7 Qg6 36. Nd6 Be6 37. Nxc8 Bxc8 38. Qd5+ Qf7 39. Qd8+ Qf8 40. Bc5 1-0